00660nam a2200205 a 450000100060000000300090000600800410001502000150005604000280007108200170009910000260011624500260014226000360016830000110020449000470021559001360026265000270039894200120042599900170043721455CO-ViMGA141112s2004 ck r 000 u spa d a846701511X aCO-ViMGAbspacCO-ViMGA aA863.6 S111s1 aSabato, Ernesto9327810aSobre heroes y tumbas aMadrid : bEspasa Calpe, c1961 a543 p. aBiblioteca hispanoAméricana del siglo XX aForma de adquisición : Compra fact. 0866 - - Precio : 36000 - - Proveedor : Temas y libros - - Fecha de adquisición : Mayo 200714aNOVELA ARGENTINA92131 2ddccBK c11607d11607